Statistics for Countries With the Most "Largest Cities" Quizzes

Click here to take the quiz!

General Stats

  • This quiz has been taken 42 times
  • The average score is 14 of 15

Answer Stats

Continent # Country % Correct
North America16United States
100%
Australia11Australia
100%
North America11Canada
100%
Asia10China
100%
Asia7India
100%
Europe/Asia5Russia
100%
Europe8France
97%
Europe9Germany
95%
South America7Brazil
95%
Europe7Italy
95%
Europe7United Kingdom
95%
Asia6Japan
90%
Europe6Netherlands
82%
Europe5Belgium
72%
Europe5Finland
38%

Score Distribution

Percentile by Number Answered

Percent of People with Each Score

Your Score History

You have not taken this quiz